书目信息 |
| 题名: |
台湾与前苏联交往秘录
|
|
| 作者: | 李健 编著 | |
| 分册: | 上册 | |
| 出版信息: | 北京 中国社会出版社 1995 |
|
| 页数: | 346页 | |
| 开本: | 20cm | |
| 丛书名: | ||
| 单 册: | ||
| 中图分类: | D827 | |
| 科图分类: | ||
| 主题词: | 中苏关系--台湾--史料 | |
| 电子资源: | ||
| ISBN: | 7-80088-705-7 | |
| 000 | 00633nnam 2200217 45 | |
| 001 | 1235453500 | |
| 005 | 20121005095450.18 | |
| 010 | @a7-80088-705-7@dCNY16.00 | |
| 100 | @a19950622d1995 kemy0chiy0121 ea | |
| 101 | 0 | @achi |
| 102 | @aCN@b110000 | |
| 105 | @af z 000yy | |
| 200 | 10 | @a台湾与前苏联交往秘录@ATAI WAN YU QIAN SU LIAN JIAO WANG MI LU@h上册@f李 健编著@FLI JIAN BIAN ZHU |
| 210 | @a北京@c中国社会出版社@d1995 | |
| 215 | @a346页@c照片@d20cm | |
| 540 | 1 | @a苏联@ASU LIAN |
| 606 | @a中苏关系@y台湾@x史料 | |
| 690 | @aD827@v4 | |
| 701 | 0 | @a李健@ALI JIAN@4编著 |
| 801 | 0 | @aCN@bTSSF@c19950622 |
| 905 | @a10447@dD827@eJY1:1 | |
| 台湾与前苏联交往秘录.上册/李 健编著.-北京:中国社会出版社,1995 |
| 346页:照片;20cm |
| ISBN 7-80088-705-7:CNY16.00 |
| ● |
| 相关链接 |
|
|
|
|
正题名:台湾与前苏联交往秘录
索取号:D827/JY1:1
 
预约/预借
| 序号 | 登录号 | 条形码 | 馆藏地/架位号 | 状态 | 备注 |
| 1 | 7812544 | 278125440 | 学院路分馆/ [索取号:D827/JY1:1] | 在馆 | |
| 2 | 7812545 | 278125459 | 学院路分馆/ [索取号:D827/JY1:1] | 在馆 | |
| 3 | 7812546 | 278125468 | 学院路分馆/ [索取号:D827/JY1:1] | 在馆 | |
| 4 | 7812547 | 278125477 | 学院路分馆/ [索取号:D827/JY1:1] | 在馆 |